| 000 | 00479nam a2200169 a 4500 | ||
|---|---|---|---|
| 001 | 000036122 | ||
| 005 | 20200930074910.0 | ||
| 008 | 111214s2011 dr 000 0 spa d | ||
| 020 | _a9789945473834 | ||
| 100 | 1 |
_aImbert-Brugal, Carmen, _d1955- _916402 |
|
| 245 | 1 | 0 |
_aMemorias de la seƱora / _cCarmen Imbert-Brugal. |
| 260 |
_aSanto Domingo : _bEditorial Santuario, _c2011. |
||
| 300 |
_a91 p. ; _c23 cm. |
||
| 490 | _aRelatos | ||
| 830 | 0 |
_aRelatos _913421 |
|
| 999 |
_c35613 _d35613 |
||
| 040 | _aDO-SdBNP | ||